Bilecik Bilecik Bilecik Bilecik Bilecik

Cerrahiye-i ilhaniye/ (Record no. 39528)

MARC details
000 -BAŞLIK
Sabit Uzunluktaki Kontrol Alanı 01138nam a22003257a 4500
001 - KONTROL NUMARASI
Control Dosyası 0039649
003 - KONTROL NUMARASI KİMLİĞİ
Kontrol Alanı KOHA_MİRAKIL
005 - EN SON İŞLEM TARİHİ ve ZAMANI
Kontrol Alanı 20260207003136.0
007 - FİZİKSEL TANIM SABİT ALAN - GENEL BİLGİ
Sabit uzunluklu kontrol alanı ta
008 - SABİT UZUNLUKTAKİ VERİ ÖGELERİ - GENEL BİLGİ
Sabit Alan 130312b1956 tu a|||gr||||#||||0|tur |
040 ## - KATALOGLAMA KAYNAĞI
Özgün Kataloglama Kurumu TR-BiSEU
Kataloglama Dili tur
Çeviri Kurumu TR-BiSEU
Açıklama Kuralları rda
041 0# - DİL KODU
Metin ya da ses kaydının dil kodu tur
044 ## - YAYINLAYAN/ÜRETEN KURULUŞUN ÜLKE KODU
ISO country code tu
050 ## - SINIFLAMA ve YER NUMARASI
Sınıflama Numarası RD30
Yer Numarası .K54 1956
100 1# - KİŞİ ADI
Yazar Adı (Kişi adı) Kılıcoğlu, Vecihe.
245 1# - ESER ADI BİLDİRİMİ
Başlık Cerrahiye-i ilhaniye/
Sorumluluk Bildirimi Vecihe Kılıcoğlu.
246 ## - DEĞİŞİK BAŞLIK FORMU
Başlık uygun / kısa başlık Vecihe Kılıçoğlu
264 #1 - ÜRERİM, YAYIN, DAĞITIM ve TELİF BİLDİRİMİ
Yayın yeri Ankara :
Yayınlayan Türk Tarih Kurumu Basımevi
Yayın tarihi 1956
300 ## - FİZİKSEL TANIMLAMA
Sayfa, Cilt vb. 10, 81 p. :
Diğer fiziki detaylar facsim. (10 p.) ;
Boyutları 24 cm.
336 ## - İÇERİK TÜRÜ
Content type term metin
Content type code txt
Source rdacontent
337 ## - MEDYA TÜRÜ
Media type term aracısız
Media type code n
Source rdamedia
338 ## - TAŞIYICI TÜRÜ
Carrier type term cilt
Carrier type code nc
Source rdacarrier
490 1# - DİZİ BİLDİRİMİ
Dizi Bildirimi Ankara Üniversitesi Dil ve Tarih-Coğrafya Fakültesi yayınları ;
Cilt Numarası no.
490 1# - DİZİ BİLDİRİMİ
Dizi Bildirimi 97
500 ## - GENEL NOT
Genel Not In Turkish, with facsim. of Sabuncuoğlu's text in Ottoman Turkish in Arabic script.
650 #0 - KONU BAŞLIĞI EK GİRİŞ - KONU TERİMİ
Konusal terim veya coğrafi ad Sabuncuoğlu, Şerefeddin, 15th cent Kitabül Cerrahiyei ilhaniye.
9 (RLIN) 73636
830 1# - SERİ EK GİRİŞİ - TEKBİÇİM ESER ADI
Tekbiçim Başlık Ankara Üniversitesi Dil ve Tarih-Coğrafya Fakültesi yayınları ;
Volume number/sequential designation no.
9 (RLIN) 17293
830 1# - SERİ EK GİRİŞİ - TEKBİÇİM ESER ADI
Tekbiçim Başlık 97
9 (RLIN) 15436
942 ## - EK GİRİŞ ÖGELERİ (KOHA)
Source of classification or shelving scheme Library of Congress Classification
Koha item type Book
Holdings
Materyal Türü Kalıcı Konum Mevcut Konum Raf Yeri Sınıflandırma Kaynağı Edinim Bilgisi Ana Konular Alt Konular Yer Numarası Demirbaş Numarası Fatura Tarihi Geri Çekilme Durumu Kayıp Durumu Hasarlı Durumu Kredi için değil Kayıt Tarih Toplam Ödünçverme Son Görülme Tarihi Son Kontrol Tarihi Genel / Bağış Notu
Book Prof. Dr. Azmi Özcan Kütüphanesi Prof. Dr. Azmi Özcan Kütüphanesi Birûni Salonu Library of Congress Classification Bağış TIP Cerrahi RD30 .K54 1956 0039649 02/02/2026         12/03/2013   05/12/2024 05/12/2024 Genel Bağış